| 000 | 00502nam a2200193Ia 4500 | ||
|---|---|---|---|
| 008 | 210417s9999 xx 000 0 und d | ||
| 020 | _a9781632412539 | ||
| 020 | _b1632412535 | ||
| 082 | _a616.9792 MOS | ||
| 082 | _b22.616.9792 MOS | ||
| 245 | 0 | _aHIV and AIDS : selected topics | |
| 245 | 0 | _cHIV and AIDS selected topics | |
| 250 | _b"vi, 328 p. : ill. ; 24 cm." | ||
| 260 | _aNew York | ||
| 260 | _bHayle Medical | ||
| 260 | _c2015 | ||
| 700 | _aNULL | ||
| 700 | _bedited by Roger Mostafa | ||
| 999 |
_c486437 _d486437 |
||